000
00276nam a2200109Ia 4500
008
190907s9999||||xx |||||||||||||| ||und||
100
_a
Cisco Press
245
0
_a
Internetworking Technologies Handbook
260
_a
New Delhi
_b
McGraw -Hill
_c
2001
300
_a
1077
942
_c
BK
999
_c
6429
_d
6429